00535 2200193 4500001002100000005001700021008004100038020002200079035002400101082001000125090002200135100002000157245003500177260004500212300002800257504001500285650001900300999002200319YOGYA-0611000000054520110615112842.0 ind  a978-979-042-000-7 0010-061100000000545 a611.8 a611.8bUta IlDEP aUTAMI, Vievid D aIndera manusiacVievid D Utami aYogyakartabEmpat Pilar Pendidikanc2008 aIV, 60 hlmbilusc25 cm ahlm. 57-60 aIndera manusia aCB-D.11-2008-1922